000 00927cam a2200217 4500
001 ##D1851
008 090401t1986 xxu||||| |||| 00| 0 eng d
035 _a(Sirsi) u66210
041 0 _aeng
050 0 4 _a333.330285 $2 18
110 2 _aBuilding Maintenance Cost Information Service
_91702
245 0 0 _aComputer technology in property management
_btransactions of a one-day seminar sponsored by the Building Maintenance Cost Information Service held at the Royal Institution of Chartered Surveyors on 20 September 1985
260 _aKingston upon Thames
_bBMCIS
_c1986
300 _a27p.
_c30cm
490 0 _aBMCIS Occasional Papers
520 _aThis item is part of a subscription service and no part of it can be read out over the phone. Please contact BMI direct on +44 (0)20 7222 7000 for details.
651 4 _aUnited Kingdom
_y
690 _aBUILT ENVIRONMENT-BUILDING COSTS
942 _n0
948 _c04/03/1997
999 _c94828
_d94828